Kartography / (Record no. 5631)

MARC details
000 -LEADER
fixed length control field 01485nam a22002297a 4500
001 - CONTROL NUMBER
control field 5631
003 - CONTROL NUMBER IDENTIFIER
control field FISKH
005 - DATE AND TIME OF LATEST TRANSACTION
control field 20250108131409.0
008 - FIXED-LENGTH DATA ELEMENTS--GENERAL INFORMATION
fixed length control field 250108b cb ||||| |||| 00| 0 eng d
020 ## - INTERNATIONAL STANDARD BOOK NUMBER
International Standard Book Number 9780195798333
040 ## - CATALOGING SOURCE
Original cataloging agency FISKH
Language of cataloging eng
Transcribing agency FISKH
Modifying agency FISKH
050 ## - LIBRARY OF CONGRESS CALL NUMBER
Classification number PR9540.S485
082 ## - DEWEY DECIMAL CLASSIFICATION NUMBER
Classification number 823.914
100 ## - MAIN ENTRY--PERSONAL NAME
Personal name Shamsie, Kamila
245 ## - TITLE STATEMENT
Title Kartography /
Statement of responsibility, etc. by Kamila Shamsie
260 ## - PUBLICATION, DISTRIBUTION, ETC.
Place of publication, distribution, etc. New York :
Name of publisher, distributor, etc. OXford University Press ;
Date of publication, distribution, etc. 2002.
300 ## - PHYSICAL DESCRIPTION
Extent 343 pages :
Other physical details illustrations, maps ;
Dimensions 22 cm .
520 ## - SUMMARY, ETC.
Summary, etc. Soul mates from birth Karim and Raheen are irrevocably bound to one another and to Karachi. It beats in their hearts - violent, polluted, corrupt, vibrant, brave and ultimately, home. However, Raheen is fiercely loyal and naively blinkered and she resents Karim's need to map their city and to expand the privileged world they know. When Karim is forced to leave for London their differences of opinion become a painful quarrel. As the years go by they let a barrier of silence build between them until, finally, they are brought together during a dry summer of strikes and ethnic violence and their relationship is poised between strained friendship and fated love. Impassioned and touching Kartography is a love song to Karachi. In her extraordinary new novel, Kamila Shamsie shows us that whatever happens in the world we must never forget the complicated war in our own hearts.
650 ## - SUBJECT ADDED ENTRY--TOPICAL TERM
Topical term or geographic name entry element friendship
Form subdivision fiction
942 ## - ADDED ENTRY ELEMENTS (KOHA)
Source of classification or shelving scheme Dewey Decimal Classification
Koha item type Books
Suppress in OPAC No
Holdings
Withdrawn status Lost status Source of classification or shelving scheme Damaged status Not for loan Collection Home library Current library Shelving location Date acquired Total Checkouts Full call number Barcode Date last seen Price effective from Koha item type
    Dewey Decimal Classification     Fiction Footprints International School Library Network Toul Kork Campus Footprints International School Library Network Toul Kork Campus TTP Secondary Fiction Bookshelves 01/08/2025   SHA 823.914 PR9540.S485 FISSE04371 01/08/2025 01/08/2025 Books